000 00512nam a2200181Ia 4500
003 GCL
008 140319s9999 xx 000 0 ara d
040 _aGCL /
_cGCL
082 0 4 _a240
_bا ع
100 1 _aابوبكر جابر الجزائرى
245 1 0 _aعقيدة المؤمن /
_cابوبكر جابر الجزائرى
260 _a[S.N] :
_bدار الكتب السلفية ،
_c1985
300 _a400 ص
490 _a
650 0 4 _aالعقيدة
650 0 4 _aالعقائد
942 _2ddc
_cBK
999 _c50959
_d50959